La enseñanza de la lengua en la escuela media:fundamentos y desafíos / Norma B. Desanimo y otros cinco (Registro nro. 21364)
[ vista simple ]
| 000 -LEADER | |
|---|---|
| fixed length control field | 00914nam a2200301Ia 4500 |
| 001 - CONTROL NUMBER | |
| control field | 19598 |
| 003 - CONTROL NUMBER IDENTIFIER | |
| control field | DO-CoUTE |
| 005 - DATE AND TIME OF LATEST TRANSACTION | |
| control field | 20260204212625.0 |
| 008 - FIXED-LENGTH DATA ELEMENTS--GENERAL INFORMATION | |
| fixed length control field | 220104s9999 dr 000 0 spa d |
| 020 ## - INTERNATIONAL STANDARD BOOK NUMBER | |
| International Standard Book Number | 978-950-808-905-2 |
| 040 ## - CATALOGING SOURCE | |
| Original cataloging agency | DO-CoUTE |
| Language of cataloging | spa |
| Transcribing agency | DO-CoUTE |
| 041 0# - LANGUAGE CODE | |
| Language code of text/sound track or separate title | spa |
| 082 ## - DEWEY DECIMAL CLASSIFICATION NUMBER | |
| Classification number | 407.1 D457e |
| 100 1# - MAIN ENTRY--PERSONAL NAME | |
| Personal name | Desinano, Norma B. |
| 245 10 - TITLE STATEMENT | |
| Title | La enseñanza de la lengua en la escuela media:fundamentos y desafíos / Norma B. Desanimo y otros cinco |
| 260 ## - PUBLICATION, DISTRIBUTION, ETC. | |
| Place of publication, distribution, etc. | Santa Fe, Argentina : Editorial Homo Sapiens |
| 300 ## - PHYSICAL DESCRIPTION | |
| Extent | 259 páginas |
| 490 ## - SERIES STATEMENT | |
| Series statement | Los contenidos disciplinares y su didáctica |
| 650 #4 - SUBJECT ADDED ENTRY--TOPICAL TERM | |
| Topical term or geographic name entry element | Lengua |
| 700 1# - ADDED ENTRY--PERSONAL NAME | |
| Personal name | Arbusti, Marcia A. |
| 700 1# - ADDED ENTRY--PERSONAL NAME | |
| Personal name | Foresi, María Fernanda |
| 700 1# - ADDED ENTRY--PERSONAL NAME | |
| Personal name | Milan, Cecilia María |
| 700 1# - ADDED ENTRY--PERSONAL NAME | |
| Personal name | Romanini, Lucía |
| 700 1# - ADDED ENTRY--PERSONAL NAME | |
| Personal name | Sanjurjo, Liliana |
| 942 ## - ADDED ENTRY ELEMENTS (KOHA) | |
| Source of classification or shelving scheme | Dewey Decimal Classification |
| Koha item type | Libros |
| Withdrawn status | Lost status | Source of classification or shelving scheme | Damaged status | Not for loan | Collection code | Home library | Current library | Date acquired | Inventory number | Total Checkouts | Full call number | Barcode | Date last seen | Copy number | Price effective from | Koha item type |
|---|---|---|---|---|---|---|---|---|---|---|---|---|---|---|---|---|
| Dewey Decimal Classification | Colección General | Biblioteca UTECO | Biblioteca UTECO | 01/02/2021 | 019503 | 407.1 D457e | 019503 | 03/30/2022 | Ej.1 | 01/03/2021 | Libros |
